2 Pays avec 3 lettres en mirroir - Statistiques

Statistiques générales
  • Ce quiz a été pris 37 fois
  • Le résultat moyen est 9 sur 22
Statistiques - réponses
Lettres reflétées Pays % Correct
NIS États-Unis
61%
ROC Maroc
57%
ROC Maroc
57%
COR Corée du Nord
50%
COR Corée du Sud
50%
SIN Singapour
50%
SIN Singapour
50%
RES Comores
46%
NAM Namibie
46%
MAN Oman
46%
SER Serbie
43%
MAS Bahamas
39%
NIS Émirats Arabes Unis
39%
SAM Samoa
39%
ITA Italie
36%
SEN Sénégal
36%
SEN Sénégal
36%
URU Nauru
32%
URU Uruguay
32%
NES Saint-Vincent-et-les-Grenadines
25%
ATI Kiribati
21%
NES Philippines
18%
Aucun quiz correspondant
Distribution des résultats
% des personnes avec chaque résultat
Percentile par nombre de réponses
Votre historique - résultats
Vous n’avez pas pris ce quiz